Tres escritoras censuradas: Simone de Beauvoir, Betty Friedan y Mary McCarthy

Gespeichert in:
Bibliographische Detailangaben
1. Verfasser: Godayol, Pilar (VerfasserIn)
Format: Buch
Sprache:Spanisch
Veröffentlicht: Granada Comares 2017
Ausgabe:1a. ed
Schriftenreihe:Interlingua, 164
Schlagworte:
Tags: Tag hinzufügen
Keine Tags, Fügen Sie den ersten Tag hinzu!

MARC

LEADER 00000cam a2200000 a 4500
001 UCC5968
003 CL-VaPUC
008 181109e20170000sp |||||||||||||||||spa|d
020 |a 9788490454893 
082 0 4 |a 305.4  |b GOD  |2 21 
100 0 |a Godayol, Pilar  |e author  |9 600424 
245 1 0 |a Tres escritoras censuradas: Simone de Beauvoir, Betty Friedan y Mary McCarthy 
250 |a 1a. ed 
300 |a 147 p 
942 |c BK 
945 |d 20181109 15:19:00  |a dcastane 
260 |a Granada  |b Comares  |c 2017 
650 0 |a Feminismo  |9 259085 
650 0 |a Mujeres  |9 257649 
650 0 |a Escritoras  |9 513690 
583 |a last modification  |c 20181109 15:19:00  |k Rodrigo Vera 
490 0 |a Interlingua, 164 
999 |c 373071  |d 373069 
952 |0 0  |1 0  |3 erb  |4 0  |6 305_400000000000000_GOD_2017  |7 0  |8 A  |9 490995  |a BIBCUR  |b BIBCUR  |i 5511933  |o 305.4 GOD 2017  |p 5511933  |r 2025-04-22  |w 2019-11-24  |y BK  |z Catalogado en:20181109  |k PER